Hauptstädte Europas, die auf a enden - Statistiken

Allgemein
  • Dieses Quiz wurde 39 mal gespielt
    13 seit der letzten Aktualisierung
  • Das Durchschnittsergebnis liegt bei 6 aus 9
Antwortstatistiken
Antwort % Korrekt
Bratislava
85%
Andorra la Vella
77%
Ljubljana
77%
Riga
69%
Sofia
69%
Valletta
69%
Tirana
62%
Podgorica
54%
Pristina
46%
Keine übereinstimmenden Quizze gefunden
Verteilung der Resultate
Anzahl Personen mit jedem Resultat
Perzentil nach korrekt beantworteten Fragen
Ihre Resultats-Entwicklung
Sie haben dieses Quiz seit der letzten Aktualisierung nicht gespielt